Países que Limitan con India - Estadísticas

Estadísticas generales
  • Esta prueba ha sido intentada 5.603 veces
  • La puntuación promedio es 6 de 6
Estadísticas de respuestas
Longitud País % Correcto
3,380 km China
97%
1,690 km Nepal
96%
2,912 km Pakistán
96%
4,053 km Bangladés
91%
605 km Bután
88%
1,463 km Myanmar
83%
No se encontraron pruebas coincidentes
Distribución de puntuación
Porcentaje de gente con cada puntuación
Porcentaje por número respondido
Historial de tus puntuaciones
No has intentado esta prueba.